Edgar Allan Poe với hầm mộ Amontillado và sự sụp đổ của giòng họ Usher

Đã lưu trong:
Chi tiết về thư mục
Tác giả chính: Tôn Nữ Dương Thành.
Tác giả khác: Trương Nguyễn Nam Trân., Trần Đình Nguyên (hướng dẫn.)
Định dạng: Sách
Ngôn ngữ:Vietnamese
Được phát hành: Đà Nẵng, 1992.
Những chủ đề:
Các nhãn: Thêm thẻ
Không có thẻ, Là người đầu tiên thẻ bản ghi này!
Thư viện lưu trữ: Mạng thư viện Đại học Đà Nẵng
LEADER 01046cmm a2200337 i 4500
001 000044680
003 3088
005 20040326234452.0
008 010313b1992 vm 000 vie
040 |a IRC  |c IRC  |d IRC 
041 0 |a vie 
082 1 4 |a 822.33  |b TÔ-T 
100 1 |a Tôn Nữ Dương Thành. 
245 0 0 |a Edgar Allan Poe với hầm mộ Amontillado và sự sụp đổ của giòng họ Usher  |h [Thesis - Luận văn] /  |c Tôn Nữ Dương Thành, Trương Nguyễn Nam Trân thực hiện ; Trần Đình Nguyên hướng dẫn. 
260 |a Đà Nẵng,  |c 1992. 
300 |a 75tr. ;  |c 31cm. 
630 0 4 |a Edgar Allan Poe. 
630 0 4 |a Văn học Mỹ. 
650 0 4 |a Văn học Hoa Kỳ. 
700 1 |a Trương Nguyễn Nam Trân. 
700 1 |a Trần Đình Nguyên,  |e hướng dẫn. 
OWN |a DUT 
999 |a From the UDN01 
TYP |a Computer file 
TYP |a Monograph 
980 |a Mạng thư viện Đại học Đà Nẵng